000 01627nam0a2200361 4500
001 RU\NLR\BIBL_A\010914821
005 201603160505
010 _a978-5-905458-06-4
_9500
021 _aRU
_b2015-88610
_95451
035 _a(NLR Aleph) 010914821
035 _a(NILC)RuMoRGB-008069284
090 _a10648812
_c10648812
100 _a20151201d2015 u y0rusy50 ca
101 0 _arus
102 _aRU
105 _aa|||j|||000yy
200 1 _aСоциально-педагогическая подготовка родителей к воспитанию детей в поликультурном пространстве
_eнаучно-методическое пособие
_fАзизова Н.Р., Бочарова В.Г., Гукаленко О.В. [и др.]
210 _aМосква
_cСовременное образование
_d2015
215 _a179 с.
_cил.
_d20
320 _aБиблиогр.: с. 140-146 (78 назв.) и в подстроч. примеч.
606 1 _aРодители
_xПедагогическое просвещение
_jМетодические пособия
_2nlr_sh2
_3RU\NLR\AUTH\661523621
675 _a37.0
686 1 _aЧ491.95я8
686 1 _aС550.53я8
701 1 _aАзизова
_bН. Р.
_gНаиля Руслановна
701 1 _aБочарова
_bВ. Г.
_gВалентина Георгиевна
701 1 _aГукаленко
_bО. В.
_gОльга Владимировна
801 0 _aRU
_bРГБ
_c20151113
_gRCR
942 _cBOOK
980 _aNBR
980 _aNB